|
|
|
|
| LEADER |
00000cam a2200000 7i4500 |
| 001 |
0000002840 |
| 005 |
20040121.0 |
| 090 |
0 |
0 |
|a FAO333.95397
|b REG 1997
|
| 245 |
0 |
0 |
|a REGIONAL study on wood energy today and tomorrow in Asia
|c by Regional Wood Energy Development Programme in Asia
|
| 260 |
0 |
0 |
|a Rome :
|b Food and Agriculture Organization of the United Nations ,
|c 1997
|
| 300 |
|
|
|a 152 p. ;
|c 30 cm.
|
| 440 |
0 |
0 |
|a Asia-Pacific forestry sector outlook study working paper series; no. APFSOS/WP/34
|
| 500 |
0 |
0 |
|a Bibliography : p. 145-151
|
| 650 |
0 |
0 |
|a Forests and forestry
|
| 650 |
0 |
0 |
|a Fuelwood industry
|z Asia
|
| 710 |
1 |
1 |
|a Food and Agriculture Organization of the United Nations (FAO)
|
| 998 |
|
|
|a JPSM
|
| 999 |
|
|
|a 0000004784
|b Monograph
|c Food and Agriculture Organization
|e Default branch
|
| 999 |
|
|
|a 0000004785
|b Monograph
|c Food and Agriculture Organization
|e Default branch
|